MDQL
is popping MORE tags! Check the
thread
!
Quizzes
Events
Quiz Creation
Community
Videos
Private Events
Remove Ads
Sign In
Join for FREE
Feedback
Dark Mode
Quiz Categories
Sports
Geography
Music
Movies
Television
Just For Fun
Miscellaneous
History
Literature
Language
Science
Gaming
Entertainment
Religion
Holiday
For Kids
Quiz Lab
Recent
Popular Today
Quiz Kudos Today
Editor Picks
Curator Picks
Quizzes by...
Day
Popularity
Type
Ratings
Length
Year
Community
Subscriptions
Recent Discussions
Orange Saloon
Badges
Playlists
Quests
Create
Leaderboards
Showdown
Live 5
Trivia Bingo
Activity
Puzzle Library
Sporcle Events
Private Events
Virtual Trivia
Globe League
Become a Host
Pub Owners
SporcleCon
Opinionation
Our Games
Videos
Blog
Mobile Apps
Partnerships
Remove Ads and Go Orange
Feedback
Sports
Athletes
MLB
NBA
NHL
NFL
Soccer
Sports Teams
WWE
NCAA
Football
Premier League
Basketball
Baseball
Hockey
Golf
Tennis
Cricket
Rugby
Auto Racing
Olympics
World Cup
Sports
Athletes
MLB
NBA
NHL
NFL
Soccer
Sports Teams
WWE
NCAA
Football
Premier League
Basketball
Baseball
Hockey
Golf
Tennis
Cricket
Rugby
Auto Racing
Olympics
World Cup
Random Quiz
Search Sporcle
×
Quiz Lab
Quiz Lab
Sports
NHL
Type in answers that appear in a list
Type in answers that appear in a list
Classic
Best Score? Go Orange.
Ex Edmonton Oilers as Stanley Cup Champions Stats
Can you name the Ex Edmonton Oilers as Stanley Cup Champions on other teams since 1990?
20m
52 Questions
96 Plays
96 Plays
96 Plays
Comments
Comments
Give Quiz Kudos
Give Quiz Kudos
-
- Ratings
hide this ad
Replay
Link that replays current quiz
Next Quiz
Link to next quiz in quiz playlist
You Got
0%
They Got
Avg Score
32%
Avg Friend Score
Upgrade to see
Score Distribution
Jump to the score distribution portion of the page
Score
0/52
Timer
20:00
0
Plays Today
Hint
Answer
% Correct
New York Rangers (1994)
Mark Messier
88.5%
New York Rangers (1994)
Glenn Anderson
79.2%
New York Rangers (1994)
Kevin Lowe
78.1%
Anaheim Ducks (2007)
Chris Pronger
76%
Tampa Bay Lightning (2021, 2020), St Louis Blues (2019)
Patrick Maroon
70.4%
Carolina Hurricanes (2006)
Doug Weight
66.7%
Pittsburgh Penguins (1991)
Paul Coffey
65.6%
New York Rangers (1994)
Esa Tikkanen
64.6%
New York Rangers (1994)
Craig MacTavish
64.6%
Pittsburgh Penguins (2017, 2016)
Justin Schultz
61.5%
Pittsburgh Penguins (2009) New Jersey Devils (1995)
Bill Guerin
60.4%
Los Angeles Kings (2014, 2012)
Jarrett Stoll
57.3%
Los Angeles Kings (2012) Anaheim Ducks (2007)
Dustin Penner
57.3%
New York Rangers (1994)
Adam Graves
54.2%
Colorado Avalanche (2022)
Andrew Cogliano
50%
New Jersey Devils (2000)
Jason Arnott
49%
St Louis Blues (2019)
David Perron
48.1%
Montreal Canadiens (1993)
Vincent Damphousse
46.9%
Los Angeles Kings (2014, 2012)
Matt Greene
45.8%
Detroit Red Wings (2008, 2002, 1998, 1997)
Kirk Maltby
45.8%
Pittsburgh Penguins (2009) New Jersey Devils (2000)
Petr Sykora
44.8%
Boston Bruins (2011)
Milan Lucic
44%
Carolina Hurricanes (2006)
Ray Whitney
42.7%
New York Rangers (1994)
Jeff Beukeboom
42.7%
Carolina Hurricanes (2006)
Erik Cole
40.6%
Anaheim Ducks (2007)
Todd Marchant
39.6%
Hint
Answer
% Correct
Tampa Bay Lightning (2004)
Nikolai Khabibulin
37.5%
Pittsburgh Penguins (2009)
Miroslav Satan
32.3%
Los Angeles Kings (2012) Chicago Blackhawks (2010)
Colin Fraser
30.2%
Washington Capitals (2018)
Nathan Walker
29.2%
Detroit Red Wings (2008)
Daniel Cleary
28.1%
Boston Bruins (2011)
Andrew Ference
25.9%
Pittsburgh Penguins (2009)
Mathieu Garon
25%
Washington Capitals (2018)
Alex Chaisson
22.2%
Chicago Blackhawks (2010)
Ben Eager
20.8%
Carolina Hurricanes (2006)
Martin Gerber
20.8%
Detroit Red Wings (2002)
Boyd Devereaux
19.8%
New Jersey Devils (1995)
Valeri Zelepukin
16.7%
Anaheim Ducks (2007)
Ilya Bryzgalov
15.6%
Colorado Avalanche (2001)
Greg deVries
13.5%
New Jersey Devils (2000)
Steve Kelly
13.5%
Detroit Red Wings (2002)
Fredrik Olausson
12.5%
Detroit Red Wings (1998)
Brent Gilchrist
11.5%
New Jersey Devils (1995)
Jim Dowd
11.5%
Colorado Avalanche (2001)
Shjon Podein
9.4%
Colorado Avalanche (1996)
Dave Hannan
9.4%
Detroit Red Wings (2002)
Jiri Slegr
8.3%
Dallas Stars (1999)
Tony Hrkac
6.3%
Montreal Canadiens (1993)
Jesse Belanger
6.3%
New Jersey Devils (2000)
Ken Sutton
6%
Colorado Avalanche (2001)
Bryan Muir
5.2%
Montreal Canadiens (1993)
Donald Dufresne
4.2%
Quiz Playlist
Details
Report
Send in Message
Add To Playlist
Classic:
Type in answers that appear in a list
Last Updated: Mar 3, 2023
Quiz Scoreboard
CHALLENGE
Sign Up to Join the Scoreboard
Show All
Scores
Hide
Comments
May contain spoilers
Recently Published
Image Sorting: Flags VI
by Barbecue
Geography
2m
Find the 'City' Movie
by crazypaving
Movies
60s
Colored Red Africa Blitz
by spor1
Geography
45s
More to Explore
Quiz From the Vault
Featured Blog Post
14 Easter Pick-up Lines to Find Eggs With
hide this ad
You Might Also Like...
Tags
NHL Quiz
Edmonton Oilers
Today's Top Quizzes in Sports
Browse Sports
hide this ad
Today's Top Quizzes in NHL
Browse NHL
Top Contributed Quizzes in Sports
1
Les meilleurs buteurs des matchs entre le PSG et l’OM
2
Les entraîneurs de l'OM et du PSG au 21e siècle
3
2022 World Cup Stars
4
Les joueurs passés par le PSG et l'OM
5
Players with Multiple 50 Home Run Seasons
6
Criteria MLB: Left Handed Sluggers
7
FIFA Club World Cup Champions
8
Les joueurs passés par le LOSC et le RC Lens
9
NBA Logic Puzzle 2.0
10
Top 10 NHL Goal Scorers of All Time
Explore More
Trending Topics
Disney
Anime
Marvel
Crossword
Kpop
Harry Potter
NBA
Pokémon
NFL
WWE
Puzzle
Song
Soccer
The Office
Country
hide this ad
Score Distribution
Popular Quizzes Today
1
Colored Red Africa Blitz
2
Find the US States - No Outlines Minefield
3
Find the 'City' Movie
4
5x2 Blitz: Bands
5
The Countries of the World
6
Find the US States
7
Find the Countries of Europe - No Outlines Minefield
8
US States
More Sports Quizzes
International Footballers: Discern the Danes
Published
Trending Quizzes
Colored Red Europe Blitz I
Colored Red Europe Blitz II
Colored Red Africa Blitz II
Colored Red Europe Blitz III
Colored Red Africa Blitz III
Recently Updated
How Do You Spell That?
pecheneg
Godzilla Movies
pecheneg
Grab Bag: 4-10 Letters
pecheneg
2024 March Madness Bracket
pecheneg
Famous TV Couples
Peacemaker
Champions League XIs: Real Madrid
pecheneg
Largest US Cities 1790-2010
pecheneg
Rides in Walt Disney World
pecheneg
Most Oscar Losses (Acting)
pecheneg
Beyoncé Albums
pecheneg
Trending Topics
Marvel
Anime
Crossword
NBA
Kpop
Disney
Harry Potter
Soccer
Pokémon
Song
Puzzle
NFL
WWE
Country
The Office
Your Account Isn't Verified!
In order to create a playlist on Sporcle, you need to verify the email address you used during registration. Go to your
Sporcle Settings
to finish the process.
Report this User
Report this user for behavior that violates our
Community Guidelines
.
Details:
Send Report
Go to the Sporcle.com Mobile Site →
Comments